1641 1606 1441 1625 1087 1794 1825 1003 1691 1802 1890 1851 1031 1666 1412 1589 1783 1834 1096 1977 1977 1660 1915 1458 1713 1489 1223 1778 1447 1555 1770 1912 1339 1777 1203 1620 1522 1982 1944 1042 1699 1259 1872 1175 1480 1177 1875 1802 1834 1650 1330 1218 1549 1289 1639 1149 1863 1258 1445 1053 1164 1173 1319 1252 1553 1190 1170 1736 1608 1211 1357 1583 1769 1955 1275 1137 1238 1479 1286 1710 1633 1723 1308 1523 1484 1162 1095 1061 1588 1077 1024 1303 1527 1819 1513 1652 1429 1951 1833 BCNSPRNW ULIB Ver.6.0+V

เปลี่ยนเป็นภาษาไทย

Change to English
 แสดงรายละเอียดบรรณานุกรม
  กลับหน้าหลัก

Brief Record : Get Marc (ISO 2709) : E-mail record : QR code < ปิดหน้าต่าง
LEADER : 00000nam 2200000uu 4500
001    13399123225
003     ULIB
008    020711s2553 th a 000 0 tha d
050 14 LB1027^bส111ค
110    กระทรวงการท่องเที่ยวและกีฬา.^bกรมพลศึกษา.^bสถาบันพัฒนาบุคลากรการพลศึกษาและการกีฬา.
245    คู่มือผู้ฝึกสอนกีฬายูโด/^cสถาบันพัฒนาบุคลากรการพลศึกษาและการกีฬา
260    กรุงเทพฯ :^bโรงพิมพ์สหกรณ์การเกษตรแห่งประเทศไทย,^c2553
300    78 หน้า;^b26 ซม.
650    ยูโด
945    ^p0^l0^i20356
999    ^aทศพร เกษรทอง
รายการนี้ยังไม่มีแท็ก
คุณยังไม่ได้ล็อกอิน คุณสามารถมีกิจกรรมร่วมกับเว็บไซต์ได้ แต่ต้องล็อกอินก่อน ::
  ล็อกอิน

รายการสื่อสารสนเทศ

ลำดับที่ ประเภท เลขเรียก/บาร์โค้ด สถานที่ สถานะ
1. การศึกษาทั่วไป
การศึกษาทั่วไป
LB1027 ส111ค ฉ.1 
  Barcode: 20356
ห้องสมุดวิทยาเขตนครสวรรค์
►หนังสือทั่วไป:l:General Books
บนชั้น
Note:อภินันทนาการ

รายการใกล้เคียง
    หัวเรื่อง [ยูโด]

BibComment


ยังไม่เคยถูกคอมเมนท์

คอมเมนท์ทรัพยากรรายการนี้
  คอมเมนท์: คู่มือผู้ฝึกสอนกี..


 Copyright 2026. Bcnsprnw @Library